000 00323nam a2200121Ia 4500
008 230907s9999||||xx |||||||||||||| ||und||
082 _a891.4393
_bUME
245 0 _aمن و سلویٰ ، Mann O salwa /
260 _aIlm-O-Irfan Publishers,
_bLahore :
_c2017
300 _a640 p.
650 _aUrdu Literature
942 _cBK
999 _c599757
_d599757